[Event "Korolev-ch"]
[Site "Korolev"]
[Date "1999.??.??"]
[Round "2"]
[White "Lychkov, Viktor"]
[Black "Mishina, Olga"]
[Result "1-0"]
[WhiteElo "2215"]
[BlackElo "2204"]
[PlyCount "109"]
[EventDate "1999.??.??"]
[EventType "swiss"]
[EventRounds "9"]
[EventCountry "RUS"]
[SourceTitle "EXT 2006"]
[Source "ChessBase"]
[SourceDate "2005.11.24"]
[SourceVersion "1"]
[SourceVersionDate "2005.11.24"]
[SourceQuality "1"]

1. e4 e6 2. d4 d5 3. Nc3 Bb4 4. exd5 exd5 5. Bd3 Ne7 6. Qf3 Be6 7. Nge2 Nbc6 8. Be3 Qd7 9. h3 Nf5 10. 0-0-0 0-0-0 11. Kb1 Bxc3 12. bxc3 Nxe3 13. fxe3 Na5 14. Nf4 Bf5 15. g4 Bxd3 16. cxd3 Qb5+ 17. Ka1 Qc6 18. Rc1 Rhe8 19. Rhe1 Qa6 20. Qd1 Rd6 21. Qc2 g5 22. Nh5 Rb6 23. Rb1 Ree6 24. Rxb6 Rxb6 25. Rb1 Rxb1+ 26. Qxb1 Qe6 27. Qe1 Qa6 28. Qf1 Qe6 29. Qf3 h6 30. Ng7 Qd7 31. Nf5 Qe6 32. Qxd5 Qxd5 33. Ne7+ Kd7 34. Nxd5 Kd6 35. e4 c5 36. dxc5+ Kxc5 37. Ne3 Nc6 38. Kb2 Ne7 39. d4+ Kc6 40. Nf5 Nxf5 41. exf5 Kd5 42. Kc2 Ke4 43. Kb3 Kd5 44. Kb4 f6 45. Kb5 Kd6 46. c4 Kc7 47. Kc5 Kd7 48. Kd5 Ke7 49. c5 Kd7 50. a4 a6 51. a5 Ke7 52. c6 bxc6+ 53. Kxc6 Kd8 54. Kd6 Ke8 55. Ke6 1-0

[Event "Korolev-ch"]
[Site "Korolev"]
[Date "1999.??.??"]
[Round "1"]
[White "Samarin, Vitaly"]
[Black "Lychkov, Viktor"]
[Result "1/2-1/2"]
[WhiteElo "2182"]
[BlackElo "2215"]
[PlyCount "45"]
[EventDate "1999.??.??"]
[EventType "swiss"]
[EventRounds "9"]
[EventCountry "RUS"]
[SourceTitle "EXT 2006"]
[Source "ChessBase"]
[SourceDate "2005.11.24"]
[SourceVersion "1"]
[SourceVersionDate "2005.11.24"]
[SourceQuality "1"]

1. e4 e5 2. Nf3 Nc6 3. d4 exd4 4. Nxd4 Nf6 5. Nxc6 bxc6 6. Bd3 d5 7. Qe2 dxe4 8. Bxe4 Nxe4 9. Qxe4+ Qe7 10. Qxe7+ Bxe7 11. 0-0 0-0 12. Nd2 Re8 13. Nc4 Bf6 14. Ne3 a5 15. Rb1 a4 16. Bd2 Be6 17. c4 Reb8 18. Bc3 Bxc3 19. bxc3 a3 20. Rb3 Kf8 21. Rfb1 Rxb3 22. Rxb3 Ke7 23. Kf1 1/2-1/2